Věřejná podpora jaderné energetiky: kdo staví a kdo platí?

Jadrová energia ostáva pre kopec európskych štátov kľúčovým zdrojom, či už ako súčasť diverzifikovaného energetického mixu alebo strategický pilier energetickej politiky. Výstavba nových reaktorov je však mimoriadne finančne náročná, čo núti jednotlivé krajiny hľadať vhodné spôsoby financovania väčš...

Ausführliche Beschreibung

Gespeichert in:
Bibliographische Detailangaben
1. Verfasser: Halfarová, Hana
Format: Buchkapitel
Sprache:Tschechisch
Schlagworte:
Tags: Tag hinzufügen
Keine Tags, Fügen Sie das erste Tag hinzu!

MARC

LEADER 00000naa a2200000 4500
001 0312216
005 20250926095559.6
041 0 |a cze 
044 |a CZ 
245 1 0 |a Věřejná podpora jaderné energetiky: kdo staví a kdo platí?  |c Hana Halfarová 
520 |a Jadrová energia ostáva pre kopec európskych štátov kľúčovým zdrojom, či už ako súčasť diverzifikovaného energetického mixu alebo strategický pilier energetickej politiky. Výstavba nových reaktorov je však mimoriadne finančne náročná, čo núti jednotlivé krajiny hľadať vhodné spôsoby financovania väčšinou so zapojením štátu. Ako modely financovania využívajú ČR, Francúzsko, Maďarsko a Fínsko? 
610 2 0 |a energia atómová 
610 2 0 |a elektrárne atómové 
610 2 0 |a výstavba investičná 
610 2 0 |a politika energetická 
610 2 0 |a financovanie 
100 1 |a Halfarová, Hana